000 00623nam a2200205Ia 4500
003 GCL
008 140319s9999 xx 000 0 ara d
040 _aGCL /
_cGCL
082 0 4 _aق
_b215.96216
_bه ق
100 1 _aهيئة الاثار المصرية
245 1 0 _aالقاهره الاسلامية: مساجد ميدان صلاح الدين /
_cهيئة الاثار المصرية
260 _a[S.N] :
_bهيئة الاثار المصرية
300 _a45 ص
490 _a
650 0 4 _aالعصر الحديث
650 0 4 _aمصر
650 0 4 _aتاريخ
650 0 4 _aالمساجد
942 _2ddc
_cBK
999 _c58451
_d58451